| 000 | 00346nam a2200145Ia 4500 | ||
|---|---|---|---|
| 008 | 191201s2011 xx 000 0 und d | ||
| 082 |
_a658.3 _bRAH |
||
| 100 | _aRAO,V.S.P | ||
| 245 | 0 | _aHuman Resource Management Text and Cases | |
| 250 | _aRep | ||
| 260 |
_aN.Delhi _bExcel Books _c2011 |
||
| 300 | _a839 | ||
| 650 | _aMBA | ||
| 942 |
_2ddc _cBK _02 |
||
| 999 |
_c5360 _d5360 |
||